| 000 | 01240nam a22003617a 4500 | ||
|---|---|---|---|
| 003 | CHAP | ||
| 005 | 20220329143707.0 | ||
| 008 | 110203s1979 us r 00010 eng d | ||
| 010 | _a100436 | ||
| 011 | _a101408 | ||
| 020 | _a0910608237 (3 vol. set) | ||
| 035 | _a112096 | ||
| 040 | _cCHAP | ||
| 082 | 0 | 4 |
_a025.43 _bD4 1979 |
| 100 | 0 | 0 |
_aDewey, Melvil. _932341 |
| 245 | 1 | 0 |
_aDewey decimal classification and relative index _c/by Melvil Dewey. |
| 250 | _a19 ed. | ||
| 260 |
_aAlbany, New York : _bForest Press, _c1979 |
||
| 300 | _a3 v. | ||
| 505 | 0 | _aContenido : v.1 Tablas. -- v.2 Esquemas. -- v.3 Indice | |
| 590 |
_aBATCH-UPD _b10 _c20130110 _lUCH01 _h1835 |
||
| 590 |
_aBATCH-UPD _b10 _c20130410 _lUCH01 _h1206 |
||
| 590 |
_aBATCH-UPD _b10 _c20130914 _lUCH01 _h0947 |
||
| 590 |
_aCONVERSION _b10 _c20130109 _lUCH01 _h1355 |
||
| 650 | 1 | 4 |
_aClasificación de libros. _923675 |
| 650 | 1 | 4 |
_aClasificación decimal de Dewey. _923676 |
| 901 | _aBK | ||
| 911 | _aen proceso | ||
| 942 | _cLIBRO | ||
| 949 |
_a025.43 D4 _bBC _cB _d333372400221231 _eB _f1979 v.1 _h114152 _i112096 _sb |
||
| 949 |
_a025.43 D4 _bBC _cB _d33724000617643 _eB _f1979 v.3 _h114154 _i112096 _sb |
||
| 949 |
_a025.43 D4 _bBC _cB _d33724000617650 _eB _f1979 v.2 _h114153 _i112096 _sb |
||
| 999 |
_c100436 _d100436 |
||